Grammatical borrowing in cross-linguistic perspective
Kaydedildi:
| Müşterek Yazar: | |
|---|---|
| Diğer Yazarlar: | , |
| Materyal Türü: | Elektronik Ekitap |
| Dil: | İngilizce |
| Baskı/Yayın Bilgisi: |
New York :
Mouton de Gruyter,
c2007.
|
| Seri Bilgileri: | Empirical approaches to language typology ;
38. |
| Konular: | |
| Online Erişim: | An electronic book accessible through the World Wide Web; click to view |
| Etiketler: |
Etiket eklenmemiş, İlk siz ekleyin!
|
MARC
| LEADER | 00000nam a2200000 a 4500 | ||
|---|---|---|---|
| 001 | 0000103919 | ||
| 005 | 20171002055415.0 | ||
| 006 | m u | ||
| 007 | cr cn||||||||| | ||
| 008 | 071017s2007 nyu sb 001 0 eng | ||
| 010 | |z 2007042917 | ||
| 020 | |z 9783110196283 (cloth : alk. paper) | ||
| 035 | |a (CaPaEBR)ebr10256539 | ||
| 035 | |a (OCoLC)503443424 | ||
| 040 | |a CaPaEBR |c CaPaEBR | ||
| 050 | 1 | 4 | |a P324 |b .G73 2007eb |
| 082 | 0 | 4 | |a 410 |2 22 |
| 245 | 0 | 0 | |a Grammatical borrowing in cross-linguistic perspective |h [electronic resource] / |c edited by Yaron Matras, Jeanette Sakel. |
| 260 | |a New York : |b Mouton de Gruyter, |c c2007. | ||
| 300 | |a vii, 598 p. | ||
| 490 | 1 | |a Empirical approaches to language typology ; |v 38 | |
| 504 | |a Includes bibliographical references and indexes. | ||
| 533 | |a Electronic reproduction. |b Palo Alto, Calif. : |c ebrary, |d 2013. |n Available via World Wide Web. |n Access may be limited to ebrary affiliated libraries. | ||
| 650 | 0 | |a Language and languages |x Foreign elements. | |
| 650 | 0 | |a Grammar, Comparative and general. | |
| 655 | 7 | |a Electronic books. |2 local | |
| 700 | 1 | |a Matras, Yaron, |d 1963- | |
| 700 | 1 | |a Sakel, Jeanette, |d 1973- | |
| 710 | 2 | |a ebrary, Inc. | |
| 830 | 0 | |a Empirical approaches to language typology ; |v 38. | |
| 856 | 4 | 0 | |u http://site.ebrary.com/lib/daystar/Doc?id=10256539 |z An electronic book accessible through the World Wide Web; click to view |
| 908 | |a 170314 | ||
| 942 | 0 | 0 | |c EB |
| 999 | |c 93071 |d 93071 | ||